Математически състезания в тестове и задачи І - ІІІ клас (Запис номер 71695)
[ съкратено ]
| 000 -Лидер | |
|---|---|
| Контролно поле с фиксирана дължина | 01693nam a2200385 c 4500 |
| 003 - Код на организацията, давaща контролен номер | |
| Контролно поле | BLK |
| 005 - Дата и час на последна редакция | |
| Контролно поле | 20180422103232.0 |
| 008 - Елементи от данни с фиксирана дължина | |
| fixed length control field | 180408b bul|||||r ||||||| ||bul|| |
| 010 ## - Наследен системен номер | |
| LC control number | KNG00076067000 |
| 020 ## - Международен стандартен номер на книга ISBN | |
| Международен стандартен номер на книга ISBN | 954-745-105-7 |
| -- | издат.: Регалия 6 |
| 040 ## - Източник на каталожния запис | |
| Идентификатор на билиотеката - собственик на записа | BLK |
| 041 ## - Код за език | |
| Код за езика на текст/звукозапис или на отделно заглавие | Български |
| Код за езика КДБФ | Български |
| 080 ## - УДК | |
| Текстов определител УДК | Основи на математиката в основното образование |
| УДК код - определител по УДК | 372.47 |
| УДК определител | (079)(075.2) |
| УДК - код + определител | 372.47(079)(075.2) |
| 139 ## - Редно поле | |
| Редна дума | Математически състезания в тестове и задачи І - ІІІ клас |
| Авторски знак | Мате - М 39 |
| 245 10 - Сведения за заглавието | |
| Заглавие | Математически състезания в тестове и задачи І - ІІІ клас |
| Редно поле (дума) | състав. Димитър Георгиев Димитров; състав. Йорданка Владимирова Еленкова. |
| 257 ## - Страна на издаване | |
| Страна на създаване/издаване | България |
| 260 ## - Област на издателските данни | |
| -- | София |
| Име на издателя, разпространителя и проч. | Регалия 6 |
| Година на издаване | 2007 |
| Печатница | София : Унискорп |
| 300 ## - Физическа характеристика | |
| Страници | 120 с. |
| Илюстрации и др. | с черт., табл. |
| Размери/Мащаб | 24 см |
| 380 ## - Жанр | |
| Жанр | Обществени науки |
| 500 ## - Общи забележки | |
| Забележка | Съдържа и Отговори, упътвания и решения |
| 650 #4 - Допълнително описание по предмет – тема | |
| Основно описание – тема или топоним | Математика - тестове |
| 9 (RLIN) | 246228 |
| 653 ## - Ключова дума – ненормативна | |
| Ключова дума | математика |
| 653 ## - Ключова дума – ненормативна | |
| Ключова дума | математически състезания |
| 653 ## - Ключова дума – ненормативна | |
| Ключова дума | задачи |
| 653 ## - Ключова дума – ненормативна | |
| Ключова дума | тестове |
| 653 ## - Ключова дума – ненормативна | |
| Ключова дума | І кл. |
| 653 ## - Ключова дума – ненормативна | |
| Ключова дума | ІІІ кл. |
| 700 1# - Други автори (авторска отговорност) | |
| Лично име | Димитров, Димитър Георгиев |
| Автороска отговорност (Описва отношението между автора и произведението) | състав. |
| 9 (RLIN) | 364131 |
| 700 1# - Други автори (авторска отговорност) | |
| Лично име | Еленкова, Йорданка Владимирова |
| Автороска отговорност (Описва отношението между автора и произведението) | състав. |
| 9 (RLIN) | 274572 |
| 852 ## - Местоположение | |
| Форматна сигнатура | Цб 234630 |
| 856 4# - Електронен адрес и достъп | |
| Електронен формат | pdf - файл |
| Път до файла /url/ | |
| 856 4# - Електронен адрес и достъп | |
| Електронен формат | pdf - файл |
| Път до файла /url/ | |
| 942 ## - АРТИКУЛИ | |
| Вид на библиотечния материал | Книги |
| Скрит в OPAC | Не |
| 944 ## - СЪЗДАВАНЕ И РЕДАКЦИЯ на ЗАПИСА | |
| Създаване/Редакция | Създаване |
| Дата на регистрацията/редакция | 27.06.2007 |
| Служител, извършил регистрацията/редакцията | Геновева_Генчева |
| 944 ## - СЪЗДАВАНЕ И РЕДАКЦИЯ на ЗАПИСА | |
| Създаване/Редакция | Редакция |
| Дата на регистрацията/редакция | 16.07.2007 |
| Служител, извършил регистрацията/редакцията | |
| 999 ## - СИСТЕМНИ КОНТРОЛНИ НОМЕРА | |
| Koha biblionumber | 71695 |
| Koha biblioitemnumber | 71695 |
| Код за отписване | Код за изгубен артикул | Код за повреда | Коз за рестрикции | Код за отдаване | Артикулен № | Име на библиотеката - собственик | Име на библиотеката, в която се намира в момента | Статус (Текущо местоположение) | Дата на вписване в системата | Местоположение - отдел | Цена в лева | Инвентарен номер | Систематично азбучна сигнатура | Баркод | Номер на екземпляра | Цена в евро | Служебна бележка | Служебен тип на артикула |
|---|---|---|---|---|---|---|---|---|---|---|---|---|---|---|---|---|---|---|
| Не е изгубен | Не е повреден | без рестрикции | ползва се в читалня | 117023 | Регионална библиотека "Любен Каравелов" Русе | Регионална библиотека "Любен Каравелов" Русе | Хранилище | 2007-06-27 | Хранилище | 5.00 | 120000715025 | Цб 234630 | 120000715025 | 1 | 2.56 | Дост: Dp Вид: Д N: 5 Дата: 20.12.2006 | Книги |